000 00474nam a2200181Ia 4500
001 16453
005 20260306170310.0
008 260306t2012||||xx |||||||||||||| ||und||
041 _aESP
082 _a348.6
_bE14
100 _aEchaiz Moreno, Daniel,
_eAUT
245 0 _aLas patentes de las células madre :
_bderecho, genética & biomedicina
260 _c2012
300 _a157 páginas :
_c20 cm.
650 _aGEN
654 _aCDE
942 _cLIB
_dJUS
_fJUS
_2ddc
_n
999 _c16453
_d16453